000 00849nam a22002057a 4500
999 _c19569
_d19569
003 AR-CdUCM
008 190518b ||||| |||| 00| 0 spa d
040 _aMUNICIPALIDAD PROVINCIAL DEL CUSCO
_cBIBLIOTECA MUNICIPAL DEL CUSCO
082 _a940.31 /
_bB94
100 _aBurgos, Antonio
_940984
245 _aContrastes europeos y orientación americana /
260 _aMadrid :
_bInternacional.
300 _aXV, 407 páginas ;
_c21 cm.
505 _aContenido: Las responsabilidades de la guerra -- Paz de imposición -- El presente europeo -- Especulaciones y hazañas imperialistas -- El canal de Panamá -- Consecuencias económicas del canal -- Interamericanismo.
650 _aGuerra Mundial, 1914-1918
_927721
650 _aRepúblicas americanas
_940985
650 _aAmérica
_91348
942 _2ddc
_cLIBROS
945 _aachl
_d2019-05-18